[Event "Bundesliga 2324"]
[Site "Germany"]
[Date "2024.03.17"]
[Round "13.7"]
[White "Lai, Hing Ting"]
[Black "Wachinger, Nikolas"]
[Result "1/2-1/2"]
[WhiteElo "2465"]
[BlackElo "2426"]
[PlyCount "47"]
[EventDate "2023.10.21"]
[EventType "team-tourn"]
[EventRounds "15"]
[EventCountry "GER"]
[SourceTitle "CB13_2024"]
[SourceDate "2024.03.27"]
[SourceVersion "1"]
[SourceVersionDate "2024.03.27"]
[SourceQuality "1"]
[WhiteTeam "Oetigheim"]
[BlackTeam "Werder Bremen"]
[WhiteTeamCountry "GER"]
[BlackTeamCountry "GER"]

1. d4 Nf6 2. c4 e6 3. Nf3 d5 4. g3 Be7 5. Bg2 0-0 6. 0-0 dxc4 7. Qc2 a6 8. a4 Bd7 9. Qxc4 Bc6 10. Bg5 Nbd7 11. Nc3 h6 12. Bxf6 Nxf6 13. Rfd1 Qd6 14. Qd3 Bxf3 15. Qxf3 c6 16. e4 e5 17. Qf5 g6 18. Qxe5 Qxe5 19. dxe5 Ng4 20. Kf1 Bc5 21. Rd2 Rad8 22. Rad1 Rxd2 23. Rxd2 Nxe5 24. Ke2 1/2-1/2

[Event "Bremen Jubilee 125 op"]
[Site "Bremen"]
[Date "2024.03.10"]
[Round "9"]
[White "Wachinger, Nikolas"]
[Black "Guichard, Pauline"]
[Result "1-0"]
[WhiteElo "2442"]
[BlackElo "2385"]
[PlyCount "69"]
[EventDate "2024.03.02"]
[EventType "swiss"]
[EventRounds "9"]
[EventCountry "GER"]
[SourceTitle "CB11_2024"]
[SourceDate "2024.03.13"]
[SourceVersion "1"]
[SourceVersionDate "2024.03.13"]
[SourceQuality "1"]

1. c4 Nf6 2. Nc3 e5 3. Nf3 Nc6 4. g3 d5 5. cxd5 Nxd5 6. Bg2 Nb6 7. 0-0 Be7 8. b3 0-0 9. Bb2 Re8 10. Rc1 Bf8 11. Ne4 Nd4 12. Nxd4 exd4 13. e3 Bf5 14. Nc5 Bxc5 15. Rxc5 Bd3 16. Re1 dxe3 17. dxe3 c6 18. Qg4 Bg6 19. h4 Qd6 20. Rec1 Nd7 21. Ra5 Nf6 22. Qd4 Qxd4 23. Bxd4 a6 24. g4 Be4 25. f3 Bd5 26. e4 Be6 27. Kf2 Nd7 28. b4 f6 29. g5 Rad8 30. Bf1 Nf8 31. Bc3 Nd7 32. Be2 Bf7 33. Rg1 Kh8 34. gxf6 gxf6 35. Rf5 1-0

[Event "Bremen Jubilee 125 op"]
[Site "Bremen"]
[Date "2024.03.05"]
[Round "4"]
[White "Wachinger, Nikolas"]
[Black "Plat, Vojtech"]
[Result "1-0"]
[WhiteElo "2442"]
[BlackElo "2528"]
[PlyCount "63"]
[EventDate "2024.03.02"]
[EventType "swiss"]
[EventRounds "9"]
[EventCountry "GER"]
[SourceTitle "CB11_2024"]
[SourceDate "2024.03.13"]
[SourceVersion "1"]
[SourceVersionDate "2024.03.13"]
[SourceQuality "1"]

1. e4 c5 2. Nf3 Nf6 3. e5 Nd5 4. Nc3 e6 5. Ne4 f5 6. Nc3 Ne7 7. d4 cxd4 8. Nxd4 a6 9. Be3 Nbc6 10. f4 Nxd4 11. Qxd4 b5 12. 0-0-0 Bb7 13. Kb1 Nc6 14. Qd2 Bb4 15. a3 Be7 16. Rg1 h5 17. h3 Na5 18. g4 hxg4 19. hxg4 fxg4 20. Rxg4 Bf3 21. Rxg7 Bxd1 22. Qxd1 Qc7 23. Qg4 0-0-0 24. Rxe7 Nc4 25. Bxc4 Qxc4 26. Qf3 Kc7 27. f5 Rdf8 28. b3 Qh4 29. Rxd7+ Kxd7 30. Qb7+ Ke8 31. Qc6+ Kf7 32. Qxe6+ 1-0

[Event "Bundesliga 2324"]
[Site "Germany"]
[Date "2023.12.02"]
[Round "3.7"]
[White "Wachinger, Nikolas"]
[Black "Smeets, Jan"]
[Result "0-1"]
[WhiteElo "2426"]
[BlackElo "2548"]
[PlyCount "68"]
[EventDate "2023.10.21"]
[EventType "team-tourn"]
[EventRounds "15"]
[EventCountry "GER"]
[SourceTitle "CB49_2023"]
[SourceDate "2023.12.06"]
[SourceVersion "1"]
[SourceVersionDate "2023.12.06"]
[SourceQuality "1"]
[WhiteTeam "Werder Bremen"]
[BlackTeam "Solingen"]
[WhiteTeamCountry "GER"]
[BlackTeamCountry "GER"]

1. e4 c6 2. Nf3 d5 3. Nc3 Bg4 4. h3 Bxf3 5. Qxf3 e6 6. Be2 d4 7. Nb1 c5 8. Qg3 Nc6 9. d3 g6 10. Bf4 Bg7 11. Na3 e5 12. Bd2 Bh6 13. Bxh6 Nxh6 14. 0-0 Qe7 15. f4 f6 16. Nc4 Nf7 17. h4 0-0-0 18. Rf2 Rhf8 19. Raf1 Kc7 20. h5 exf4 21. Rxf4 Nfe5 22. Nxe5 Nxe5 23. Qf2 Rd6 24. c3 Nc6 25. hxg6 hxg6 26. g4 Qe5 27. c4 Rh8 28. a3 Nd8 29. b4 b6 30. bxc5 bxc5 31. Qg2 Ne6 32. R4f3 Ng5 33. Rg3 Rd7 34. Rf2 Rdh7 0-1

[Event "Berlin Radtke Memorial op"]
[Site "Berlin"]
[Date "2023.10.29"]
[Round "9"]
[White "Wachinger, Nikolas"]
[Black "Smolik, Jachym"]
[Result "0-1"]
[WhiteElo "2426"]
[BlackElo "2339"]
[PlyCount "112"]
[EventDate "2023.10.23"]
[EventType "swiss"]
[EventRounds "9"]
[EventCountry "GER"]
[SourceTitle "Mega2024 Update 01"]
[Source "Chessbase"]
[SourceDate "2023.11.12"]
[SourceVersion "1"]
[SourceVersionDate "2023.11.12"]
[SourceQuality "1"]

1. e4 c6 2. d4 d5 3. e5 Bf5 4. Nd2 e6 5. Nb3 Nd7 6. Nf3 a6 7. c3 Rc8 8. Be2 c5 9. dxc5 Bxc5 10. Nxc5 Nxc5 11. Nd4 Bg6 12. 0-0 Ne7 13. Be3 0-0 14. a4 Qc7 15. f4 Be4 16. a5 Nf5 17. Nxf5 exf5 18. Rc1 Ne6 19. Bb6 Qc6 20. b4 f6 21. Bd4 g5 22. exf6 Nxf4 23. Rxf4 gxf4 24. Qd2 Rxf6 25. Qxf4 Rg6 26. g3 Qd6 27. Be5 Qe7 28. Bh5 Re6 29. Bd4 h6 30. Rf1 Qg5 31. g4 Bd3 32. Qxg5+ hxg5 33. gxf5 Rh6 34. Bf3 Bxf1 35. Bxd5+ Kf8 36. Kxf1 Rh7 37. f6 Rcc7 38. Kg2 Rhd7 39. Bf3 Rxd4 40. cxd4 Kf7 41. d5 Kxf6 42. d6 Rd7 43. Kg3 Ke5 44. Kg4 Rg7 45. d7 Rxd7 46. Kxg5 Kd4 47. h4 Kc4 48. h5 Kxb4 49. h6 Kxa5 50. Kg6 b5 51. h7 Rxh7 52. Kxh7 Kb4 53. Kg6 a5 54. Kf5 a4 55. Bd5 Kc3 56. Ke5 b4 0-1

[Event "Berlin Radtke Memorial op"]
[Site "Berlin"]
[Date "2023.10.28"]
[Round "8"]
[White "Vardanyan, Aras"]
[Black "Wachinger, Nikolas"]
[Result "0-1"]
[WhiteElo "2301"]
[BlackElo "2426"]
[PlyCount "102"]
[EventDate "2023.10.23"]
[EventType "swiss"]
[EventRounds "9"]
[EventCountry "GER"]
[SourceTitle "Mega2024 Update 01"]
[Source "Chessbase"]
[SourceDate "2023.11.12"]
[SourceVersion "1"]
[SourceVersionDate "2023.11.12"]
[SourceQuality "1"]

1. Nf3 d5 2. g3 Nf6 3. Bg2 c5 4. 0-0 e6 5. d3 Nc6 6. e4 dxe4 7. dxe4 Qxd1 8. Rxd1 Nxe4 9. Na3 Be7 10. Bf4 f6 11. Nb5 0-0 12. Re1 e5 13. Rxe4 exf4 14. Rae1 Bd7 15. Bf1 Bg4 16. Rxf4 f5 17. Ne5 Bg5 18. Bc4+ Kh8 19. Nf7+ Rxf7 20. Bxf7 Bxf4 21. gxf4 g6 22. Kg2 Rd8 23. f3 Rd2+ 24. Kg3 Bh5 25. Bb3 Rd7 26. Re6 Kg7 27. Nd6 Nd4 28. Ne8+ Kh6 29. Nf6 Rc7 30. Rd6 Ne2+ 31. Kf2 Nxf4 32. Bc4 Nh3+ 33. Kg3 Ng5 34. h4 Nf7 35. Re6 Nd8 36. Re8 Nf7 37. Re6 Nd8 38. Re8 Nf7 39. Bd5 g5 40. Ng8+ Kg7 41. Ne7 f4+ 42. Kf2 Nh6 43. Rb8 Rxe7 44. hxg5 Nf7 45. Bxb7 Nxg5 46. a4 Re3 47. Rc8 Bxf3 48. Rxc5 Nh3+ 49. Kf1 Bxb7 50. Rc7+ Kg6 51. Rxb7 f3 0-1

[Event "Berlin Radtke Memorial op"]
[Site "Berlin"]
[Date "2023.10.24"]
[Round "3"]
[White "Wachinger, Nikolas"]
[Black "Boehme, Sebastian1"]
[Result "1-0"]
[WhiteElo "2426"]
[BlackElo "2245"]
[PlyCount "111"]
[EventDate "2023.10.23"]
[EventType "swiss"]
[EventRounds "9"]
[EventCountry "GER"]
[SourceTitle "Mega2024 Update 01"]
[Source "Chessbase"]
[SourceDate "2023.11.12"]
[SourceVersion "1"]
[SourceVersionDate "2023.11.12"]
[SourceQuality "1"]

1. e4 e6 2. d4 d5 3. Nc3 Nf6 4. e5 Nfd7 5. f4 c5 6. Nf3 Nc6 7. Be3 cxd4 8. Nxd4 Qb6 9. a3 Bc5 10. Na4 Qa5+ 11. b4 Qxa4 12. bxc5 Nxc5 13. Nb5 Ne4 14. Nc7+ Kd8 15. Nxa8 Qa5+ 16. Bd2 Qc5 17. Qc1 Bd7 18. Be3 Qc3+ 19. Kd1 Nd4 20. Bd3 Ba4 21. Bxe4 dxe4 22. Bxd4 Qxd4+ 23. Qd2 Qxd2+ 24. Kxd2 Kd7 25. Rhb1 Bc6 26. Nb6+ axb6 27. Rxb6 Ra8 28. a4 Ra5 29. c4 Kc7 30. Rb2 g5 31. Rf1 gxf4 32. Rxf4 Rxe5 33. Rxf7+ Kd6 34. Ke3 Ra5 35. Rxh7 Rxa4 36. Rd2+ Kc5 37. Rh5+ Kb4 38. Kd4 e5+ 39. Rxe5 Kb3 40. Rc5 Ra8 41. Re2 Rd8+ 42. Ke5 Kc3 43. Rxc6 bxc6 44. Rxe4 Rd2 45. Rg4 c5 46. h4 Rd4 47. Re4 Kxc4 48. h5 Kc3 49. h6 Rd8 50. h7 Kd3 51. Rh4 Rh8 52. Kf6 c4 53. Kg7 Rxh7+ 54. Kxh7 c3 55. g4 c2 56. Rh1 1-0

[Event "Newcastle Northumbria Masters GM"]
[Site "Newcastle on Tyne"]
[Date "2023.08.27"]
[Round "8"]
[White "Zhang, Pengxiang"]
[Black "Wachinger, Nikolas"]
[Result "1-0"]
[WhiteElo "2554"]
[BlackElo "2446"]
[PlyCount "93"]
[EventDate "2023.08.24"]
[EventType "schev"]
[EventRounds "9"]
[EventCountry "ENG"]
[SourceTitle "EXT 2024"]
[Source "ChessBase"]
[SourceDate "2023.10.10"]
[SourceVersion "1"]
[SourceVersionDate "2023.10.10"]
[SourceQuality "1"]
[WhiteTeam "ENG GMs"]
[BlackTeam "ENG IMs"]
[WhiteTeamCountry "ENG"]
[BlackTeamCountry "ENG"]

1. e4 c5 2. Nf3 d6 3. d4 cxd4 4. Nxd4 Nf6 5. Nc3 a6 6. Bg5 Nbd7 7. Qe2 h6 8. Bh4 g6 9. 0-0-0 e5 10. Nb3 Be7 11. g4 b5 12. Bg3 b4 13. Nd5 Nxd5 14. exd5 a5 15. Kb1 Nf6 16. h3 a4 17. Nc1 a3 18. Bg2 axb2 19. Nb3 Nd7 20. f4 exf4 21. Bxf4 Ba6 22. Qe4 0-0 23. Rhe1 Re8 24. Qxb4 Qc7 25. Rxe7 Rxe7 26. Bxd6 Qa7 27. Bxe7 Be2 28. Qa3 Qxa3 29. Bxa3 Bxd1 30. Bxb2 Re8 31. Nd4 Re1 32. Bc1 Rg1 33. Bf3 Bxf3 34. Nxf3 Rg3 35. Nd4 Rxh3 36. a4 Rh4 37. a5 Rxg4 38. c3 h5 39. a6 Kf8 40. Ba3+ Ke8 41. Bc5 Rg1+ 42. Kb2 Rg2+ 43. Ka3 Ne5 44. a7 Nc4+ 45. Kb3 Rb2+ 46. Kxc4 Ra2 47. Nb5 1-0

[Event "GER-ch 94th"]
[Site "Ostfildern"]
[Date "2023.08.18"]
[Round "7"]
[White "Wachinger, Nikolas"]
[Black "Wong, Gengchun"]
[Result "1-0"]
[WhiteElo "2446"]
[BlackElo "2257"]
[PlyCount "85"]
[EventDate "2023.08.14"]
[EventType "swiss"]
[EventRounds "9"]
[EventCountry "GER"]
[SourceTitle "CBM 215 Extra"]
[Source "ChessBase"]
[SourceDate "2023.09.30"]
[SourceVersion "1"]
[SourceVersionDate "2023.09.30"]
[SourceQuality "1"]

1. e4 c5 2. Nf3 d6 3. Bb5+ Nc6 4. 0-0 Bd7 5. Re1 Nf6 6. c3 a6 7. Bf1 Bg4 8. d4 Bxf3 9. gxf3 cxd4 10. cxd4 g6 11. Nc3 Bg7 12. f4 0-0 13. Be3 Na5 14. e5 Ne8 15. b4 Rc8 16. bxa5 Rxc3 17. Rb1 Ra3 18. Bd2 dxe5 19. dxe5 Rxa2 20. Bb4 Nc7 21. Qb3 Rd2 22. Bxd2 Qxd2 23. Qb4 Qd7 24. Qxb7 Qg4+ 25. Bg2 Ne6 26. Qf3 Qf5 27. Bf1 Nxf4 28. Rb4 g5 29. Rbe4 e6 30. Bxa6 f6 31. Rxf4 gxf4 32. Bd3 Qg5+ 33. Kh1 f5 34. a6 Qe7 35. Bc4 Kh8 36. Qb7 Qxb7+ 37. axb7 Rb8 38. Rb1 Bxe5 39. Bxe6 Re8 40. Bxf5 Kg7 41. Re1 Kf6 42. Bc8 f3 43. b8Q 1-0

[Event "Titled Tuesday intern op 27th Jun Late"]
[Site "Chess.com INT"]
[Date "2023.06.27"]
[Round "4"]
[White "Miladinovic, Igor"]
[Black "Wachinger, Nikolas"]
[Result "1-0"]
[WhiteElo "2507"]
[BlackElo "2446"]
[PlyCount "57"]
[EventDate "2023.06.27"]
[EventType "swiss (blitz)"]
[EventRounds "11"]
[EventCountry "USA"]
[SourceTitle "EXT 2024"]
[Source "ChessBase"]
[SourceDate "2023.10.10"]
[SourceVersion "1"]
[SourceVersionDate "2023.10.10"]
[SourceQuality "1"]

1. d4 Nf6 2. Bg5 e6 3. e3 h6 4. Bh4 c5 5. c3 b6 6. Nd2 Bb7 7. Ngf3 Be7 8. Bxf6 Bxf6 9. Bd3 0-0 10. h4 cxd4 11. exd4 d6 12. Ne4 Be7 13. Qe2 Nd7 14. g4 g6 15. 0-0-0 Qc7 16. Qe3 Kg7 17. Kb1 d5 18. Ng3 Bd6 19. Ne2 e5 20. dxe5 Nxe5 21. Nxe5 Bxe5 22. h5 g5 23. Nd4 Bxd4 24. Qxd4+ f6 25. Rhe1 Rae8 26. Bg6 Rxe1 27. Rxe1 Bc6 28. Re6 Qd7 29. Qe3 1-0

[Event "Titled Tuesday intern op 27th Jun Late"]
[Site "Chess.com INT"]
[Date "2023.06.27"]
[Round "1"]
[White "Wachinger, Nikolas"]
[Black "Luxama, Jacques Muller"]
[Result "1-0"]
[WhiteElo "2446"]
[BlackElo "1933"]
[PlyCount "65"]
[EventDate "2023.06.27"]
[EventType "swiss (blitz)"]
[EventRounds "11"]
[EventCountry "USA"]
[SourceTitle "EXT 2024"]
[Source "ChessBase"]
[SourceDate "2023.10.10"]
[SourceVersion "1"]
[SourceVersionDate "2023.10.10"]
[SourceQuality "1"]

1. d4 Nf6 2. Nf3 e6 3. Bf4 d5 4. Nbd2 Bd6 5. Bg5 h6 6. Bxf6 Qxf6 7. e4 dxe4 8. Nxe4 Qe7 9. Bd3 0-0 10. Qe2 b6 11. Nxd6 cxd6 12. Qe4 f5 13. Qxa8 Qc7 14. d5 e5 15. Nd2 e4 16. Bb5 a6 17. Bc6 b5 18. a4 Qb6 19. axb5 e3 20. fxe3 Qxe3+ 21. Kd1 Nxc6 22. Qxc6 f4 23. Qc3 Bg4+ 24. Kc1 Qe2 25. Qd4 Rc8 26. bxa6 Bf5 27. c3 Qb5 28. a7 Ra8 29. Re1 Qd7 30. Nc4 Bg6 31. Qxf4 Qb5 32. Qd4 Qb3 33. Ne3 1-0

[Event "Berlin Teschner Memorial"]
[Site "Berlin"]
[Date "2023.05.20"]
[Round "5"]
[White "Heistermann, Till"]
[Black "Wachinger, Nikolas"]
[Result "0-1"]
[WhiteElo "2196"]
[BlackElo "2439"]
[PlyCount "82"]
[EventDate "2023.05.18"]
[EventType "swiss"]
[EventRounds "7"]
[EventCountry "GER"]
[SourceTitle "CBM 214 Extra"]
[Source "ChessBase"]
[SourceDate "2023.07.31"]
[SourceVersion "1"]
[SourceVersionDate "2023.07.31"]
[SourceQuality "1"]

1. c4 e5 2. g3 c6 3. d4 e4 4. Nc3 d5 5. Bg2 Bb4 6. Qb3 Bxc3+ 7. bxc3 Nf6 8. Nh3 0-0 9. 0-0 b6 10. cxd5 cxd5 11. f3 exf3 12. Rxf3 Nbd7 13. Bg5 h6 14. Bxf6 Nxf6 15. Raf1 Bxh3 16. Bxh3 Qd6 17. Bg2 Rae8 18. e3 Ne4 19. Qb2 Qc6 20. Rc1 Rc8 21. c4 f5 22. g4 b5 23. c5 fxg4 24. Rxf8+ Rxf8 25. Bxe4 dxe4 26. Qg2 h5 27. Qg3 Rf3 28. Qb8+ Kh7 29. Qe5 Qg6 30. Rf1 g3 31. Rxf3 gxh2+ 32. Kxh2 exf3 33. Qg3 Qc2+ 34. Kg1 Qd1+ 35. Kf2 Qe2+ 36. Kg1 Qxe3+ 37. Qf2 Qe4 38. Qd2 h4 39. d5 h3 40. d6 Qe2 41. Qg5 Qe4 0-1

[Event "EU-ch 23rd"]
[Site "Vrnjacka Banja"]
[Date "2023.03.10"]
[Round "8"]
[White "Wachinger, Nikolas"]
[Black "Shvedova, Alexandra"]
[Result "1/2-1/2"]
[WhiteElo "2440"]
[BlackElo "2083"]
[PlyCount "108"]
[EventDate "2023.03.03"]
[EventType "swiss"]
[EventRounds "11"]
[EventCountry "SRB"]
[SourceTitle "CBM 213"]
[Source "ChessBase"]
[SourceDate "2023.04.30"]
[SourceVersion "1"]
[SourceVersionDate "2023.04.30"]
[SourceQuality "1"]

1. c4 Nf6 2. Nc3 e5 3. Nf3 Nc6 4. g3 d5 5. cxd5 Nxd5 6. Bg2 Nb6 7. 0-0 Be7 8. b3 0-0 9. Bb2 Re8 10. Rc1 Bf5 11. d3 Qd7 12. Ne4 f6 13. Re1 Rad8 14. Qc2 Bh3 15. Bh1 Nd5 16. a3 Nb8 17. d4 exd4 18. Nxd4 Na6 19. b4 c6 20. Qa4 Nb6 21. Qb3+ Kh8 22. Nc5 Nxc5 23. bxc5 Nd5 24. e4 Nc7 25. e5 fxe5 26. Nf3 Be6 27. Qa4 Nb5 28. Bxe5 Bd5 29. Qb4 Rf8 30. Re3 b6 31. a4 Bxc5 32. Rxc5 bxc5 33. Qxc5 Nc7 34. Qxa7 Ne6 35. Qxd7 Rxd7 36. Bc3 Rdf7 37. Nd2 Bxh1 38. Kxh1 Nc7 39. f3 Nd5 40. Rd3 Ra7 41. a5 Nxc3 42. Rxc3 Rxa5 43. Rxc6 Ra2 44. Rd6 Re8 45. Kg1 h6 46. Kf2 Ra1 47. h4 Ra2 48. h5 Kg8 49. Rd7 Kf8 50. g4 Re7 51. Rd3 Kf7 52. Kg3 Re1 53. Ne4 Rg1+ 54. Kf4 Ra7 1/2-1/2